Numbered Songs In My K-pop Playlist - Statistics

General Stats
  • This quiz has been taken 36 times
  • The average score is 12 of 21
Answer Stats
Song Artist % Correct
0325 Stray Kids
100%
19 Stray Kids
100%
24 To 25 Stray Kids
100%
3RACHA Stray Kids
100%
3rd Eye Stray Kids
100%
4419 Stray Kids
100%
00:00 (Zero O'Clock) BTS
90%
10 Months Enhypen
57%
28 Reasons Seulgi
50%
1, 3, 2 Twice
47%
1 To 10 TWICE
47%
21:29 TWICE
47%
21:29 (Jpn Ver) TWICE
47%
24/7 TWICE
47%
24HRS ITZY
43%
365 ITZY
43%
100 Ways Jackson Wang
20%
72.72Hz CSR
7%
4 Memory Dreamcatcher
7%
1M EXID
3%
3% EXID
3%
No matching quizzes found
Score Distribution
Percent of People with Each Score
Percentile by Number Answered
Your Score History
You have not taken this quiz